1591 1756 1627 1069 1197 1188 1022 1412 1096 1965 1535 1916 1252 1402 1683 1856 1672 1425 1058 1102 1085 1182 1358 1968 1841 1068 1843 1328 1190 1608 1474 1147 1075 1444 1066 1389 1836 1259 1166 1649 1158 1383 1701 1097 1442 1765 1169 1061 1484 1379 1052 1703 1339 1082 1189 1512 1448 1349 1607 1040 1152 1966 1717 1567 1533 1752 1714 1474 1417 1558 1287 1954 1966 1885 1750 1622 1731 1224 1615 1649 1738 1734 1856 1504 1764 1878 1132 1786 1134 1671 1596 1787 1881 1775 1803 1644 1825 1992 1585 BCNSPRNW ULIB Ver.6.0+V

เปลี่ยนเป็นภาษาไทย

Change to English
 แสดงรายละเอียดบรรณานุกรม
  กลับหน้าหลัก

Brief Record : Get Marc (ISO 2709) : E-mail record : QR code < ปิดหน้าต่าง
LEADER : 00000nam 2200000uu 4500
001    13399126122
003     ULIB
008    180611s2014||||th 000 0 tha d
020    ^a9781438074566 (book with audio CD)
050  0 ^aPE3235^bL735B
100 1  ^aLougheed, Lin
245 10 ^aBarron The Leader in Test Preparation Writing for the TOEFL iBT /^cLin Lougheed
246 30 ^aThe Leader in Test Preparation IELTS
250    ^a5Th ed.
260    ^aHauppauge, N.Y. :^bBarron Educational Series,^c2014
300    ^a1audio CD :^bsd.,col ;^c4 3/4 in.^e1book
490 0  ^aIELTS Superpack
590    ^aPurchase-E-17
650  0 ^aInternational English Language Testing System^vStudy guides
650  0 ^aEnglish language^vTextbooks for foreign speakers
650  0 ^aEnglish language^xExaminations^vStudy guides
650  0 ^aVocabulary^xExaminations^vStudy guides
850    ^aPSUCL
945    ^p770^l0^i004212
945    ^p770^l0^i004213
999    ^aวรรณษา ชูชัยมงคล
รายการนี้ยังไม่มีแท็ก
คุณยังไม่ได้ล็อกอิน คุณสามารถมีกิจกรรมร่วมกับเว็บไซต์ได้ แต่ต้องล็อกอินก่อน ::
  ล็อกอิน

รายการสื่อสารสนเทศ

ลำดับที่ ประเภท เลขเรียก/บาร์โค้ด สถานที่ สถานะ
1. วิทยาศาสตร์การแพทย์ และสุขภาพ
หนังสือสำรอง
สถานะ=หนังสือสำรอง
PE3235 L735B ฉ.1 
  Barcode: 004212
ห้องสมุดวิทยาเขตนครสวรรค์
►นวนิยาย:l:Fiction
บนชั้น
2. วิทยาศาสตร์การแพทย์ และสุขภาพ
วิทยาศาสตร์การแพทย์ และสุขภาพ
PE3235 L735B ฉ.2 
  Barcode: 004213
ห้องสมุดวิทยาเขตนครสวรรค์
►นวนิยาย:l:Fiction
ถูกยืม กำหนดส่งวันที่ 11 เมษายน 2568
  จอง

รายการใกล้เคียง
    ผู้แต่ง [Lougheed, Lin]

BibComment


ยังไม่เคยถูกคอมเมนท์

คอมเมนท์ทรัพยากรรายการนี้
  คอมเมนท์: Barron The Leade..


 Copyright 2026. Bcnsprnw @Library